Quantitative techniques in marketing analysis: text and readings

Guardat en:
Dades bibliogràfiques
Autors principals: Frank, Ronald E (Autor), Kuehn, Alfred A (Autor), Massy, William F (Autor)
Format: Llibre
Idioma:anglès
Publicat: Homewood Richard D. Irwin 1962
Col·lecció:Irwin Series in Quantitative Analysis for Business
Matèries:
Etiquetes: Afegir etiqueta
Sense etiquetes, Sigues el primer a etiquetar aquest registre!

MARC

LEADER 00000nam a2200000 a 4500
001 UCQ1790
003 CL-VaPUC
008 980721e19620000US |||||||||||||||||eng|d
082 0 4 |a 658.802  |b FRA  |2 21 
100 0 |a Frank, Ronald E  |e author  |9 415610 
700 0 |a Kuehn, Alfred A  |e author  |9 415611 
700 0 |a Massy, William F  |e author  |9 415612 
245 1 0 |a Quantitative techniques in marketing analysis: text and readings 
300 |a 556 p 
942 |c BK 
945 |d 19980721 00:00:00  |a cmena 
260 |a Homewood  |b Richard D. Irwin  |c 1962 
650 0 |a Marketing  |9 259324 
650 7 |a ESTRATEGIAS  |2 CL-VaPUC  |9 342878 
650 7 |a ELABORACION DE POLITICAS  |2 CL-VaPUC  |9 335865 
650 7 |a PLANIFICACION Y CONTROL  |2 CL-VaPUC  |9 415613 
650 0 |a Publicidad  |9 314572 
650 0 |a Consumidores  |9 315658 
583 |a last modification  |c 19980721 00:00:00  |k Rodrigo Vera 
490 0 |a Irwin Series in Quantitative Analysis for Business 
999 |c 272634  |d 272632 
952 |0 0  |1 0  |4 0  |6 658_802000000000000_FRA_1962  |7 0  |8 A  |9 307746  |a BIBGIM  |b BIBGIM  |d 2019-11-20  |i 144106K  |o 658.802 FRA 1962  |p 144106K  |r 2025-01-15  |w 2019-11-20  |y BK  |k COM